25 Communes de France avec le plus d'étudiants - Statistiques

Statistiques générales
  • Ce quiz a été pris 209 fois
  • Le résultat moyen est 17 sur 25
Statistiques - réponses
Hint Réponse % Correct
365 531 Paris
100%
41 131 Bordeaux
98%
49 418 Lille
98%
56 548 Marseille
98%
105 874 Lyon
97%
66 341 Rennes
96%
109 802 Toulouse
96%
37 832 Nice
92%
60 090 Strasbourg
91%
57 195 Nantes
89%
78 402 Montpellier
85%
63 040 Grenoble
77%
28 716 Reims
75%
36 633 Dijon
72%
42 719 Angers
71%
40 845 Clermont-Ferrand
70%
32 196 Nancy
67%
32 950 Caen
66%
29 458 Amiens
61%
31 365 Tours
58%
38 167 Aix-en-Provence
39%
38 055 Nanterre
30%
40 448 Villeneuve-d'Ascq
4%
32 645 Pessac
2%
34 034 Saint-Martin-d'Hères
2%
Aucun quiz correspondant
Distribution des résultats
% des personnes avec chaque résultat
Percentile par nombre de réponses
Votre historique - résultats
Vous n’avez pas pris ce quiz